LEADER 01024cam0 2200265 450 001 E600200036720 005 20210917072229.0 100 $a20080424d2006 |||||ita|0103 ba 101 $aita 102 $aIT 200 1 $a<>architetti del Partenone$fRhys Carpenter 210 $aTorino$cEinaudi$d2006 215 $aXV, 152 p., fig.$cill.$d20 cm 225 2 $aPiccola biblioteca Einaudi$hNuova serie$v330 410 1$1001LAEC00025614$12001 $a*Piccola biblioteca Einaudi. Nuova serie$v330 700 1$aCarpenter$b, Rhys$3A600200048027$4070$024849 801 0$aIT$bUNISOB$c20210917$gRICA 850 $aUNISOB 852 $aUNISOB$jFondo|Marazzi|M$m138431 912 $aE600200036720 940 $aM 102 Monografia moderna SBN 941 $aM 957 $aFondo|Marazzi|M$b000061$gCON$d138431$hMarazziM$racquisto$1pomicino$2UNISOB$3UNISOB$420080424092438.0$520150713144349.0$6bethb$fModalità di consultazione sulla home page della Biblioteca link Fondi 996 $aArchitetti del Partenone$91683479 997 $aUNISOB